[Event "chess.com IoM Masters"]
[Site "Douglas ENG"]
[Date "2016.10.03"]
[Round "3.55"]
[White "Hamer, Martyn"]
[Black "Visakh, N R"]
[Result "0-1"]
[BlackTitle "IM"]
[WhiteElo "2063"]
[BlackElo "2456"]
[WhiteFideId "413160"]
[BlackFideId "25012223"]
[EventDate "2016.10.01"]

1. Nf3 Nf6 2. c4 e6 3. g3 d5 4. d4 dxc4 5. Bg2 a6 6. O-O Nc6 7. Na3 Bxa3 8. bxa3
O-O 9. Qc2 Re8 10. Rd1 h6 11. Bb2 Ne7 12. Ne5 Rb8 13. Qxc4 c6 14. Rac1 Nd7 15.
Nd3 a5 16. e4 b6 17. Qc3 Nf6 18. Nf4 Bb7 19. Bf3 Ng6 20. Nxg6 fxg6 21. h4 Qe7
22. Re1 Qf7 23. Bg2 Ba8 24. a4 g5 25. hxg5 hxg5 26. Ba3 Ng4 27. f3 Nf6 28. Qe3
Qg6 29. g4 b5 30. axb5 Rxb5 31. Rc5 Rxc5 32. dxc5 Nd7 33. Qc3 a4 34. Rd1 Nf8 35.
Bb2 Bb7 36. Bf1 Ra8 37. Qb4 Qf7 38. Kg2 Ng6 39. Qc3 a3 40. Bc1 Nh4+ 41. Kg3 Rf8
42. Be2 Qg6 43. Qe5 Ba6 44. Bxa6 Rxf3+ 45. Kh2 Rf2+ 46. Kg3 Rf3+ 47. Kh2 Rf2+
48. Kg3 Qf7 49. Rd8+ Kh7 50. Qf5+ exf5 51. Kxf2 fxe4+ 52. Ke1 Qxa2 0-1

[Event "chess.com IoM Masters"]
[Site "Douglas ENG"]
[Date "2016.10.03"]
[Round "3.56"]
[White "Brunello, Marina"]
[Black "Herbold, Manfred"]
[Result "1-0"]
[WhiteTitle "FM"]
[BlackTitle "CM"]
[WhiteElo "2382"]
[BlackElo "2155"]
[WhiteFideId "822590"]
[BlackFideId "4682882"]
[EventDate "2016.10.01"]

1. e4 g6 2. d4 Bg7 3. Nc3 d6 4. Be3 a6 5. Bc4 e6 6. Nf3 Nd7 7. h4 b5 8. Bd3 c5
9. h5 Ngf6 10. dxc5 Ng4 11. Bd4 e5 12. Be3 Nxe3 13. fxe3 dxc5 14. b3 Nb6 15. Nd2
Qg5 16. Qf3 Bh6 17. Kf2 O-O 18. Rae1 f5 19. Kg1 f4 20. exf4 Qxf4 21. Qxf4 Bxf4
22. Nf1 Be6 23. hxg6 hxg6 24. Nd5 Rab8 25. c4 bxc4 26. bxc4 Na4 27. g3 Bg5 28.
Rh2 Rb7 29. Rc2 Rfb8 30. Nh2 Bh6 31. Nf3 Bg7 32. Ng5 Bg4 33. Be2 Bxe2 34. Rcxe2
Bh6 35. Nf3 Bg7 36. Nd2 Nb2 37. Rf1 Rf8 38. Rb1 Rfb8 39. Nb3 Nxc4 40. Rc1 Na3
41. Rxc5 Nb5 42. Rf2 Nd4 43. Nd2 Bh6 44. Nc4 Rf8 45. Rxf8+ Bxf8 46. Ra5 Nf3+ 47.
Kg2 Ng5 48. Rxa6 Nxe4 49. Rxg6+ Rg7 50. Rxg7+ Bxg7 51. a4 Nc5 52. a5 Kf7 53. Nc7
Ke7 54. a6 Nxa6 55. Nxa6 Ke6 56. Nc7+ Kd7 57. Nd5 Ke6 58. Nde3 e4 59. Kh3 Bd4
60. Kg4 Ba7 61. Kg5 Bb8 62. g4 Bc7 63. Nf5 Kf7 64. Ncd6+ Ke6 65. Nxe4 Bd8+ 66.
Kh5 Ke5 67. Nc5 Ba5 68. Nd4 Bc3 69. Ncb3 Kf6 70. Kh6 Kf7 71. Kh7 Bb4 72. g5 Bf8
73. g6+ Kf6 74. Na5 Ke5 75. Nac6+ Kd5 76. Nd8 1-0

[Event "chess.com IoM Masters"]
[Site "Douglas ENG"]
[Date "2016.10.03"]
[Round "3.57"]
[White "Tate, Alan"]
[Black "Ottosen, David"]
[Result "1-0"]
[WhiteTitle "FM"]
[WhiteElo "2376"]
[BlackElo "2105"]
[WhiteFideId "2401878"]
[BlackFideId "2603080"]
[EventDate "2016.10.01"]

1. e4 e6 2. d4 d5 3. Nd2 Be7 4. Bd3 c5 5. dxc5 Bxc5 6. Ngf3 Nf6 7. e5 Nfd7 8. a3
Nc6 9. b4 Be7 10. Bb2 Qc7 11. Qe2 a6 12. c4 dxc4 13. Nxc4 b5 14. Nd6+ Kf8 15.
Rc1 Nb6 16. Be4 Nd5 17. Nxc8 Rxc8 18. Bxd5 exd5 19. O-O h5 20. e6 Rh6 21. Ne5
Rxe6 22. Qxh5 Bf6 23. Nxc6 Rxc6 24. Bxf6 gxf6 25. Qh8+ Ke7 26. Rfe1+ Kd7 27.
Qh3+ Kd8 28. Qh8+ Kd7 29. Qh5 Qe5 30. Qxf7+ Kd8 31. Rcd1 Qxh2+ 1-0

[Event "chess.com IoM Masters"]
[Site "Douglas ENG"]
[Date "2016.10.03"]
[Round "3.58"]
[White "Formento, Paolo"]
[Black "Tiwari, Ashwani"]
[Result "1/2-1/2"]
[WhiteTitle "FM"]
[BlackTitle "FM"]
[WhiteElo "2326"]
[BlackElo "2090"]
[WhiteFideId "861162"]
[BlackFideId "5006961"]
[EventDate "2016.10.01"]

1. Nf3 f5 2. c4 Nf6 3. g3 d6 4. d4 g6 5. b3 Bg7 6. Bb2 O-O 7. Bg2 c6 8. O-O Qc7
9. Qc2 Na6 10. Nbd2 Re8 11. a3 e5 12. c5 e4 13. cxd6 Qxd6 14. Ne5 Be6 15. Ndc4
Qc7 16. b4 Nd7 17. Nxd7 Qxd7 18. Ne5 Qe7 19. e3 Nc7 20. Rfc1 Nd5 21. Bf1 a6 22.
Rab1 Nb6 23. Ba1 Nd7 24. Nc4 Bd5 25. Na5 Nf6 26. Qc5 Qf7 27. Nc4 Bf8 28. Qb6
Rad8 29. Ne5 Qe7 30. a4 Nd7 31. Nxd7 Rxd7 32. b5 axb5 33. axb5 Qe6 34. bxc6 bxc6
35. Bc3 g5 36. Bd2 f4 37. Qa6 Rf7 38. Rb6 fxg3 39. hxg3 Qf5 40. Be1 Re6 41. Qc8
Kg7 42. Rcb1 Bd6 43. Rb7 Rf6 44. Rxf7+ Rxf7 45. Qxf5 Rxf5 46. Bb4 Bc7 47. Be2
Kg6 48. Kg2 h5 49. g4 hxg4 50. Bxg4 Rf6 51. Bd7 Bd6 52. Bc5 Bxc5 53. dxc5 Kg7
54. Rb6 Kf8 55. Rb8+ Ke7 56. Rb7 Kd8 57. Bg4 Be6 58. Bxe6 Rxe6 59. Rb4 Re5 60.
Rc4 Ke7 61. Kg3 Ke6 62. Kg4 Kd5 63. Rc2 Ke6 64. Rc1 Rf5 65. Rc2 Re5 66. Rc4 Kd5
67. Rc3 Ke6 68. Rc2 Kd5 69. Kh5 Ke6 70. Kg4 Kd5 71. Rc3 Ke6 72. Rc1 Rf5 1/2-1/2

[Event "chess.com IoM Masters"]
[Site "Douglas ENG"]
[Date "2016.10.03"]
[Round "3.59"]
[White "Kolbus, Dietmar"]
[Black "Whitehead, David J"]
[Result "1-0"]
[WhiteTitle "IM"]
[WhiteElo "2321"]
[BlackElo "2021"]
[WhiteFideId "4610628"]
[BlackFideId "406813"]
[EventDate "2016.10.01"]

1. c4 Nf6 2. Nc3 g6 3. e4 d6 4. d4 Bg7 5. Bd3 O-O 6. Nge2 Nc6 7. f3 e5 8. d5 Nd4
9. Be3 Nh5 10. Nb5 Nxb5 11. cxb5 f5 12. Qd2 f4 13. Bf2 g5 14. h3 Nf6 15. Nc3 h5
16. O-O-O h4 17. Kb1 a6 18. bxa6 bxa6 19. Bc2 Nd7 20. Ba4 Nb6 21. Bc6 Rb8 22.
Qe2 Bb7 23. Bxb6 cxb6 24. Bxb7 Rxb7 25. Qxa6 Rb8 26. Qb5 Rf7 27. Rc1 Ra7 28. a3
Ra5 29. Qb3 Qd7 30. Na2 Rc5 31. Rc3 Bf6 32. Rhc1 Bd8 33. Rxc5 dxc5 34. Rxc5 Be7
35. Rc7 Qd6 36. Rc6 Qd7 37. Rxb6 1-0

[Event "chess.com IoM Masters"]
[Site "Douglas ENG"]
[Date "2016.10.03"]
[Round "3.60"]
[White "Strugnell, Carl"]
[Black "Scott, Luke"]
[Result "0-1"]
[WhiteTitle "FM"]
[WhiteElo "2278"]
[BlackElo "2018"]
[WhiteFideId "616753"]
[BlackFideId "2507986"]
[EventDate "2016.10.01"]

1. e4 e6 2. d4 d5 3. Nc3 Nf6 4. e5 Nfd7 5. f4 c5 6. Nf3 Nc6 7. Be3 a6 8. Qd2 b5
9. a3 g5 10. fxg5 cxd4 11. Nxd4 Ncxe5 12. Be2 Bg7 13. Nxe6 fxe6 14. O-O Bb7 15.
Rae1 Qe7 16. Bh5+ Ng6 17. Ne2 O-O-O 18. Bd4 Bxd4+ 19. Nxd4 e5 20. b4 Qd6 21. Nf5
Qb6+ 22. Kh1 Rhf8 23. Bg4 Kb8 24. h4 e4 25. Bh3 Nde5 26. Qc3 Nc4 27. Qg7 Qc7 28.
Qxc7+ Kxc7 29. h5 Nge5 30. Nd4 Bc8 31. Bxc8 Kxc8 32. Ne6 Rxf1+ 33. Rxf1 Rg8 34.
Rf5 Re8 35. Nf4 e3 36. Kg1 Nd6 37. Rf6 Ne4 38. Rxa6 Kb7 39. Rh6 Nxg5 40. Rd6 Rf8
41. Ne2 Rf2 42. Nd4 Rd2 43. Rxd5 Rd1+ 44. Kh2 Rxd4 0-1

[Event "chess.com IoM Masters"]
[Site "Douglas ENG"]
[Date "2016.10.03"]
[Round "3.61"]
[White "Hill, Alistair"]
[Black "Thomson, Neil"]
[Result "1-0"]
[WhiteElo "2249"]
[BlackElo "2002"]
[WhiteFideId "432407"]
[BlackFideId "2402246"]
[EventDate "2016.10.01"]

1. e4 g6 2. d4 Bg7 3. Nf3 d6 4. Bd3 Nf6 5. O-O O-O 6. Re1 Nc6 7. h3 e5 8. c3 Nh5
9. Bg5 Qe8 10. Be3 Kh8 11. Na3 a6 12. dxe5 Nxe5 13. Be2 Nf6 14. Nxe5 Qxe5 15.
Bf3 Be6 16. Bd4 Qa5 17. e5 Ne8 18. exd6 Nxd6 19. Bxg7+ Kxg7 20. Qd4+ Kg8 21. Re5
Qb6 22. Qxb6 cxb6 23. Bd5 Rfe8 24. Bxe6 Rxe6 25. Rxe6 fxe6 26. Rd1 Ne4 27. Nc4
b5 28. Ne5 a5 29. f3 Nc5 30. Rd6 b4 31. c4 Kg7 32. Nd3 Nxd3 33. Rxd3 Rc8 34.
Rd7+ Kf6 35. b3 b6 36. Kf2 h5 37. Ke3 Rc5 38. Rb7 Rc6 39. h4 Rd6 40. g4 hxg4 41.
fxg4 e5 42. h5 Kg5 43. Ke4 gxh5 44. gxh5 Kxh5 45. Kxe5 Rg6 46. Kd5 Kg4 47. Rd7
Kf4 48. Rd6 Rg5+ 49. Kd4 Rg2 50. Rf6+ Kg5 51. Rxb6 Rd2+ 52. Ke5 Rxa2 53. c5 Rb2
54. Rb5 Rxb3 55. Rxa5 Rc3 56. Rb5 Kg6 57. Kd6 b3 58. c6 Kf7 59. c7 Rd3+ 60. Kc6
Rc3+ 61. Kb7 1-0

[Event "chess.com IoM Masters"]
[Site "Douglas ENG"]
[Date "2016.10.03"]
[Round "3.62"]
[White "Lyell, Mark"]
[Black "Fathallah, Joe"]
[Result "1-0"]
[WhiteTitle "FM"]
[WhiteElo "2190"]
[BlackElo "1990"]
[WhiteFideId "402354"]
[BlackFideId "1801899"]
[EventDate "2016.10.01"]

1. e4 e6 2. d4 d5 3. e5 c5 4. c3 Nc6 5. Nf3 Bd7 6. Be2 Qb6 7. O-O f6 8. dxc5
Bxc5 9. b4 Be7 10. Bf4 fxe5 11. Nxe5 Nxe5 12. Bxe5 Nf6 13. Nd2 O-O 14. Nf3 Ng4
15. Qd4 Nxe5 16. Nxe5 Qxd4 17. cxd4 Ba4 18. Bg4 Rf6 19. a3 Bd6 20. Rac1 Re8 21.
g3 g5 22. Rfe1 Ref8 23. Re3 h6 24. Rce1 Bb5 25. Nf3 Bd7 26. Bxe6+ Bxe6 27. Rxe6
Bxb4 28. axb4 Rxf3 29. Rxh6 Rxf2 30. Rg6+ Kh7 31. Rxg5 Rb2 32. Rf1 Rc8 33. Rf2
Rxb4 34. Rxd5 Rcc4 35. Rd2 Kg6 36. Kf2 b5 37. h4 a5 38. Rg5+ Kf6 39. d5 Rc7 40.
d6 Rd7 41. Rdd5 Rb2+ 42. Kf3 b4 43. Rgf5+ Kg7 44. Rxa5 Rxd6 45. Kg4 Rc2 46. Rab5
Rc4+ 47. Kh3 Rd3 48. Rfc5 Rxc5 49. Rxc5 Kf6 50. Rb5 b3 51. h5 Re3 52. Kh4 Kf7
53. g4 Ke6 54. h6 Rd3 55. g5 Kf7 56. Rb6 Rd4+ 57. Kh5 Ke7 58. Rxb3 1-0

[Event "chess.com IoM Masters"]
[Site "Douglas ENG"]
[Date "2016.10.03"]
[Round "3.63"]
[White "Swati, Mohota"]
[Black "Rocabado, Fernando"]
[Result "1/2-1/2"]
[WhiteTitle "WFM"]
[WhiteElo "1948"]
[BlackElo "2187"]
[WhiteFideId "5006511"]
[BlackFideId "105341"]
[EventDate "2016.10.01"]

1. d4 d5 2. c4 e6 3. Nc3 Nf6 4. cxd5 exd5 5. Bg5 Be7 6. Qc2 O-O 7. e3 c6 8. Bd3
Nbd7 9. Nge2 Re8 10. O-O Nf8 11. f3 Ng6 12. Rad1 Be6 13. Kh1 Rc8 14. Qb1 b5 15.
Nc1 Qc7 16. Bxf6 Bxf6 17. Nb3 Rcd8 18. Nc5 Bc8 19. Rfe1 Nf8 20. b4 Be7 21. Qc2
Bd6 22. g3 Qe7 23. Qf2 Qf6 24. e4 dxe4 25. Bxe4 Bc7 26. Re2 Ng6 27. Red2 Ne7 28.
Rd3 g5 29. d5 Be5 30. Ne2 cxd5 31. Bxd5 Nxd5 32. Rxd5 Rxd5 33. Rxd5 Bc7 34. Nd4
a6 35. Kg1 Re5 36. Ne4 Qb6 37. Rxe5 Bxe5 38. Nb3 Qd8 39. Qc5 f6 40. Nxg5 Bf5 41.
f4 Qd1+ 42. Kf2 Bg4 43. fxe5 Qe2+ 44. Kg1 fxg5 45. Qd5+ Kg7 46. Qb7+ Kg6 47.
Qc6+ Kh5 48. Qe8+ Kh6 49. Qf8+ Kh5 50. Qf7+ Kh6 51. Qf6+ Kh5 52. Qf7+ Kh6 53.
Qf6+ 1/2-1/2

[Event "chess.com IoM Masters"]
[Site "Douglas ENG"]
[Date "2016.10.03"]
[Round "3.64"]
[White "Leutwyler, Martin"]
[Black "Dahl, Baard"]
[Result "1/2-1/2"]
[WhiteElo "2168"]
[BlackElo "1921"]
[WhiteFideId "1301969"]
[BlackFideId "444251"]
[EventDate "2016.10.01"]

1. d4 Nf6 2. c4 g6 3. Nc3 d5 4. cxd5 Nxd5 5. e4 Nxc3 6. bxc3 Bg7 7. Nf3 c5 8.
Be3 O-O 9. Rc1 Qa5 10. Qd2 cxd4 11. cxd4 Qxd2+ 12. Nxd2 Nc6 13. Nb3 Rd8 14. d5
Ne5 15. Be2 f5 16. f4 Bh6 17. Rc3 Nf7 18. Rc7 e5 19. dxe6 Bxe6 20. exf5 Bxf5 21.
Nd4 Bxf4 22. Bxf4 Rxd4 23. O-O Re8 24. Bc4 Rxc4 25. Rxc4 Bd3 26. Rc7 Bxf1 27.
Kxf1 Re6 28. Bd2 Rf6+ 29. Ke2 Ra6 30. Rc8+ Kg7 31. Bc3+ Kh6 32. Bd2+ g5 33. Rc2
Kg6 34. Bb4 Re6+ 35. Kf1 Ne5 36. Rc7 Rf6+ 37. Ke2 Rf7 38. Rc8 Rf4 39. a3 Rc4 40.
Rg8+ Kf5 41. Rg7 Rc2+ 42. Kf1 Nc4 43. Rxh7 Ne3+ 44. Kg1 Rxg2+ 45. Kh1 Rb2 46.
Kg1 Rg2+ 47. Kh1 Rb2 48. Kg1 Kg4 49. h3+ Kf3 50. Rf7+ Ke4 51. Rxb7 Rb1+ 52. Kf2
Rb2+ 53. Kg1 Rb1+ 1/2-1/2

[Event "chess.com IoM Masters"]
[Site "Douglas ENG"]
[Date "2016.10.04"]
[Round "4.1"]
[White "Shirov, Alexei"]
[Black "Vidit, Santosh Gujrathi"]
[Result "1-0"]
[WhiteTitle "GM"]
[BlackTitle "GM"]
[WhiteElo "2679"]
[BlackElo "2686"]
[WhiteFideId "2209390"]
[BlackFideId "5029465"]
[EventDate "2016.10.01"]

1. e4 c6 2. d4 d5 3. e5 Bf5 4. Nf3 e6 5. Be2 c5 6. Be3 cxd4 7. Nxd4 Ne7 8. O-O
Nbc6 9. Bb5 a6 10. Bxc6+ bxc6 11. c4 Qd7 12. cxd5 Nxd5 13. Nxf5 exf5 14. Bd4 Rb8
15. Nc3 Nc7 16. Ne2 Ne6 17. Bc3 c5 18. Ng3 g6 19. Qf3 Qb7 20. Qxb7 Rxb7 21. Rfd1
Be7 22. Nf1 Nd4 23. Ne3 f6 24. exf6 Bxf6 25. Kf1 Kf7 26. Rac1 Rd8 27. Ba5 Rc8
28. b4 Be7 29. Nd5 Ne6 30. Nxe7 Kxe7 31. Rc4 Rd7 32. Rdc1 Rd2 33. a4 Rd4 34.
Rxd4 Nxd4 35. bxc5 Ke6 36. Rd1 Nb3 37. Rd6+ Kf7 38. Rxa6 Rxc5 39. Bb6 Rc6 40.
Ra7+ Ke6 41. Be3 h5 42. g3 Nc5 43. a5 Kd5 44. Kg2 Ne6 45. Ra8 Rd6 46. Rb8 Rc6
47. Bb6 Nc5 48. Bxc5 Rxc5 49. a6 Ra5 50. Ra8 Kc5 51. a7 Kb6 52. Rg8 Kxa7 53.
Rxg6 Kb7 54. h4 Kc7 55. Kf3 Kd7 56. Kf4 Ke7 57. Kg5 Ra2 58. Rf6 Rxf2 59. Rxf5
Rg2 60. Rf3 1-0

[Event "chess.com IoM Masters"]
[Site "Douglas ENG"]
[Date "2016.10.04"]
[Round "4.2"]
[White "Salem, A.R. Saleh"]
[Black "Caruana, Fabiano"]
[Result "1/2-1/2"]
[WhiteTitle "GM"]
[BlackTitle "GM"]
[WhiteElo "2650"]
[BlackElo "2813"]
[WhiteFideId "9301348"]
[BlackFideId "2020009"]
[EventDate "2016.10.01"]

1. d4 d5 2. c4 c6 3. Nf3 Nf6 4. Nc3 dxc4 5. a4 e6 6. e4 Bb4 7. e5 Nd5 8. Bd2 b5
9. h4 h6 10. Rh3 Nd7 11. Rg3 g6 12. Ne4 Qe7 13. Be2 N7b6 14. axb5 cxb5 15. Kf1
Bd7 16. Bxb4 Qxb4 17. Nd6+ Kf8 18. Ne1 Na4 19. Bf3 Qb3 20. Qxb3 cxb3 21. Bxd5
exd5 22. Rxb3 a5 23. Nxb5 Rb8 24. Rxa4 Rxb5 25. Rba3 Rxb2 26. Rxa5 Kg7 27. Rxd5
Be6 28. Rd6 Rc8 29. Ra1 Bg4 30. Kg1 Rd2 31. Kh2 Rc4 32. Kg3 h5 33. Ra7 Rcxd4 34.
Rxd4 Rxd4 35. Nc2 Rc4 36. Ne3 Re4 37. Nxg4 Rxg4+ 38. Kf3 Kf8 39. g3 Rb4 40. Ke3
Rb2 41. Rd7 Ra2 42. f3 Ra4 43. Rd4 Ra3+ 44. Kf4 Ke7 45. Rb4 Ke6 46. Rb6+ Ke7 47.
Rf6 Ra5 48. Rc6 Ra3 49. Rb6 Ra5 50. Rb7+ 1/2-1/2

[Event "chess.com IoM Masters"]
[Site "Douglas ENG"]
[Date "2016.10.04"]
[Round "4.3"]
[White "Granda Zuniga, Julio E"]
[Black "So, Wesley"]
[Result "0-1"]
[WhiteTitle "GM"]
[BlackTitle "GM"]
[WhiteElo "2648"]
[BlackElo "2794"]
[WhiteFideId "3800024"]
[BlackFideId "5202213"]
[EventDate "2016.10.01"]

1. c4 e5 2. Nc3 Nf6 3. Nf3 Nc6 4. g3 d5 5. cxd5 Nxd5 6. Bg2 Nb6 7. d3 Be7 8. O-O
O-O 9. Be3 Re8 10. Rc1 Bf8 11. Na4 Nd4 12. Nc5 a5 13. Bxd4 exd4 14. Nb3 g5 15.
Qd2 g4 16. Nh4 Re5 17. Qf4 Qd6 18. e3 Rb5 19. Rxc7 Qxf4 20. exf4 a4 21. Nxd4
Rxb2 22. Be4 Rxa2 23. Rb1 a3 24. Nc2 Bd6 25. Rc3 Na4 26. Rc4 Be6 27. Nxa3 Rxa3
28. Rc2 Nc5 0-1

[Event "chess.com IoM Masters"]
[Site "Douglas ENG"]
[Date "2016.10.04"]
[Round "4.5"]
[White "Adams, Michael"]
[Black "Hou, Yifan"]
[Result "1/2-1/2"]
[WhiteTitle "GM"]
[BlackTitle "GM"]
[WhiteElo "2745"]
[BlackElo "2649"]
[WhiteFideId "400041"]
[BlackFideId "8602980"]
[EventDate "2016.10.01"]

1. e4 c5 2. Nf3 d6 3. d4 cxd4 4. Nxd4 Nf6 5. Nc3 a6 6. g3 e5 7. Nde2 Be7 8. Bg2
O-O 9. O-O b5 10. Nd5 Nxd5 11. Qxd5 Ra7 12. Be3 Rb7 13. Qd3 Be6 14. b3 b4 15. a3
a5 16. axb4 axb4 17. Ra4 Nd7 18. Qd2 Qb8 19. Rfa1 h6 20. Nc1 Nc5 21. Ra5 Rc8 22.
h4 Kh7 23. Kh2 Kg8 24. Nd3 Nxd3 25. Qxd3 Bd8 26. Ba7 Qc7 27. R5a2 Qc6 28. Be3
Bb6 29. Ra6 Qc7 30. R1a2 h5 31. Bf1 g6 32. Qd2 1/2-1/2

[Event "chess.com IoM Masters"]
[Site "Douglas ENG"]
[Date "2016.10.04"]
[Round "4.6"]
[White "Paehtz, Elisabeth"]
[Black "Eljanov, Pavel"]
[Result "0-1"]
[WhiteTitle "IM"]
[BlackTitle "GM"]
[WhiteElo "2459"]
[BlackElo "2741"]
[WhiteFideId "4641833"]
[BlackFideId "14102951"]
[EventDate "2016.10.01"]

1. e4 c5 2. Nf3 Nc6 3. d4 cxd4 4. Nxd4 Nf6 5. Nc3 e5 6. Ndb5 d6 7. Bg5 a6 8. Na3
b5 9. Nd5 Be7 10. Bxf6 Bxf6 11. c4 b4 12. Nc2 O-O 13. Be2 a5 14. O-O Bg5 15. Qd3
Be6 16. Rad1 Ra7 17. b3 Qb8 18. Kh1 Ne7 19. Nxe7+ Bxe7 20. Ne3 g6 21. Nd5 Bxd5
22. Qxd5 Rc8 23. f4 Rc5 24. Qd2 exf4 25. Qxf4 Bf8 26. Rd5 Rxd5 27. exd5 Qb6 28.
Bg4 Bg7 29. Re1 Be5 30. Qe3 Qxe3 31. Rxe3 Kg7 32. Bd1 h5 33. g3 f5 34. Kg2 Kf6
35. Re1 Rc7 36. Re2 Kg5 37. Bc2 h4 38. Bd3 Kf6 39. Rc2 Rc8 40. Re2 Rh8 41. Re3
Rh7 42. Bc2 Rh6 43. Bd3 Rh8 44. Bc2 h3+ 45. Kf1 g5 46. Rf3 f4 47. g4 Bd4 48. Bd3
Ke5 49. Bg6 Be3 50. Ke2 Kd4 51. Bh5 Kc3 52. c5 dxc5 53. Rxh3 Rh7 54. Rf3 Rd7 55.
h4 gxh4 56. Rh3 Rxd5 57. Kf3 Kb2 58. Bf7 Rd2 59. g5 Rf2+ 60. Ke4 Rg2 61. g6 Kxa2
62. Rxh4 Ka3 63. Rh8 c4 64. Bxc4 Rxg6 65. Rh5 Bb6 66. Kxf4 Rc6 67. Rb5 a4 68.
Bd5 Rh6 69. Kg5 Be3+ 70. Kf5 axb3 71. Ra5+ Kb2 72. Ke4 Bb6 73. Ra8 Rh4+ 74. Kf3
Bd4 75. Rb8 Bc3 76. Rg8 Rd4 77. Rg2+ Rd2 78. Rxd2+ Bxd2 79. Ke2 Kc2 0-1

[Event "chess.com IoM Masters"]
[Site "Douglas ENG"]
[Date "2016.10.04"]
[Round "4.7"]
[White "Rodshtein, Maxim"]
[Black "Howell, David W L"]
[Result "1-0"]
[WhiteTitle "GM"]
[BlackTitle "GM"]
[WhiteElo "2687"]
[BlackElo "2644"]
[WhiteFideId "2806851"]
[BlackFideId "410608"]
[EventDate "2016.10.01"]

1. e4 e5 2. Nf3 Nc6 3. Bc4 Nf6 4. d3 Bc5 5. O-O d6 6. c3 a6 7. h3 Ba7 8. a4 h6
9. Re1 O-O 10. Nbd2 Re8 11. Bb3 Ne7 12. Nf1 Ng6 13. Ng3 b5 14. axb5 axb5 15. Be3
c5 16. Qd2 Be6 17. Bxe6 Rxe6 18. b4 Bb6 19. Rxa8 Qxa8 20. Qb2 Qe8 21. Rb1 Nf4
22. Bxf4 exf4 23. bxc5 dxc5 24. Ne2 g5 25. e5 Nd7 26. d4 b4 27. d5 Re7 28. d6
Re6 29. cxb4 cxb4 30. Qxb4 Bc5 31. Qc3 Bxd6 32. exd6 Rxe2 33. Nd4 Re5 34. Nc6
Re6 35. Ne7+ Rxe7 36. dxe7 Qxe7 37. Rb7 Qe6 38. Qd4 Nf8 39. Rb6 Qe1+ 40. Kh2 Ng6
41. Rb8+ Kh7 42. Qd8 h5 43. Qg8+ Kh6 44. Rb6 Qe5 45. Qxf7 Qg7 46. Qf5 h4 47. Rf6
Qg8 48. Rd6 Qe8 49. f3 Qg8 50. Rd5 Ne7 51. Qf6+ Kh5 52. Qxe7 Qg7 53. Rd7 1-0

[Event "chess.com IoM Masters"]
[Site "Douglas ENG"]
[Date "2016.10.04"]
[Round "4.8"]
[White "Naiditsch, Arkadij"]
[Black "Gupta, Abhijeet"]
[Result "1-0"]
[WhiteTitle "GM"]
[BlackTitle "GM"]
[WhiteElo "2684"]
[BlackElo "2626"]
[WhiteFideId "4650891"]
[BlackFideId "5010608"]
[EventDate "2016.10.01"]

1. Nf3 Nf6 2. d4 g6 3. Bf4 Bg7 4. e3 O-O 5. Be2 d6 6. O-O Nbd7 7. h3 Qe8 8. Bh2
e5 9. Na3 exd4 10. exd4 Qd8 11. c4 Re8 12. Bd3 Nf8 13. Nb5 Bd7 14. Nc3 Qc8 15.
Nd5 Ne6 16. Qd2 Qd8 17. Nc3 Qe7 18. Rfe1 Qf8 19. Bf1 Bh6 20. Qc2 Ng5 21. Nxg5
Bxg5 22. Qb3 b6 23. Nb5 Rxe1 24. Rxe1 Re8 25. Rxe8 Nxe8 26. Nxa7 Bf6 27. d5 Qe7
28. Qc2 Qe1 29. b3 Bd4 30. Qe2 Qb1 31. Nc6 Bxc6 32. dxc6 Nf6 33. Bf4 Ne4 34. Be3
Nc3 35. Qd2 Bxe3 36. Qxc3 Bc5 37. Qd2 h5 38. g3 Kg7 39. h4 Kg8 40. Qe2 Bd4 41.
Kg2 Be5 42. c5 bxc5 43. Qf3 Kg7 44. Bc4 f5 45. a4 Qe1 46. Qe2 Qxe2 47. Bxe2 d5
48. a5 c4 49. bxc4 dxc4 50. Bxc4 Kf6 51. f4 Bc3 52. a6 Bd4 53. Kf3 Bb6 54. Ke2
Ba7 55. Bg8 Ke7 56. Kd3 Bb6 57. Kc4 Kd6 58. Bf7 Kxc6 59. Be8+ Kd6 60. Kd3 c5 61.
Bxg6 c4+ 62. Ke2 Kc7 63. Bxf5 c3 64. Bd3 Bd4 65. Kf3 Kb6 66. f5 Be5 67. g4 hxg4+
68. Kxg4 Bf6 69. h5 1-0

[Event "chess.com IoM Masters"]
[Site "Douglas ENG"]
[Date "2016.10.04"]
[Round "4.9"]
[White "Movsesian, Sergei"]
[Black "Lenderman, Aleksandr"]
[Result "1-0"]
[WhiteTitle "GM"]
[BlackTitle "GM"]
[WhiteElo "2677"]
[BlackElo "2593"]
[WhiteFideId "310204"]
[BlackFideId "2021285"]
[EventDate "2016.10.01"]

1. e4 e6 2. d4 d5 3. Nc3 Nf6 4. Bg5 dxe4 5. Nxe4 Nbd7 6. Nf3 Be7 7. Nxf6+ Bxf6
8. Qd2 Bxg5 9. Nxg5 Nf6 10. O-O-O b6 11. d5 Qxd5 12. Bb5+ Ke7 13. Qxd5 Nxd5 14.
Bc6 Rb8 15. Bxd5 exd5 16. Rxd5 Be6 17. Re1 Rhe8 18. Rde5 Kd7 19. Nxh7 Rh8 20.
Ng5 Rxh2 21. Nxe6 fxe6 22. Rg5 Rh7 23. f3 Rf8 24. b4 Rf4 25. c3 Rf5 26. Rg6 Rf6
27. Rg4 g6 28. Rd1+ Kc8 29. a4 Rh5 30. Kc2 Rh2 31. Kb3 Rh5 32. b5 Re5 33. Rgd4
Kb7 34. Rd7 Rc5 35. R1d4 Rff5 36. Rg7 g5 37. c4 Rf4 38. Kc3 Rh4 39. Rg8 Rxd4 40.
Kxd4 Rf5 41. Rg6 e5+ 42. Ke3 Rf4 43. Rxg5 Rxc4 44. Rxe5 Rxa4 45. g4 a6 46. bxa6+
Kc6 47. g5 Rxa6 48. g6 Ra8 49. Kf4 Kd6 50. Re3 c5 51. Kg5 c4 52. f4 Rc8 53. g7
c3 54. Kf6 c2 55. Rd3+ Kc7 56. Rc3+ Kb7 57. Rxc8 Kxc8 58. g8=Q+ 1-0

[Event "chess.com IoM Masters"]
[Site "Douglas ENG"]
[Date "2016.10.04"]
[Round "4.10"]
[White "Van Foreest, Jorden"]
[Black "Fressinet, Laurent"]
[Result "1/2-1/2"]
[WhiteTitle "GM"]
[BlackTitle "GM"]
[WhiteElo "2615"]
[BlackElo "2676"]
[WhiteFideId "1039784"]
[BlackFideId "608742"]
[EventDate "2016.10.01"]

1. e4 e5 2. Nf3 Nc6 3. d4 exd4 4. Nxd4 Bc5 5. Be3 Qf6 6. c3 Nge7 7. g3 d5 8. Bg2
dxe4 9. O-O O-O 10. Nd2 Bxd4 11. Nxe4 Qg6 12. cxd4 Be6 13. Nc3 Rad8 14. Rc1 Bg4
15. Qb3 b6 16. Rfe1 Na5 17. Qa3 Rd7 18. Bf4 Be6 19. d5 Nxd5 20. Nxd5 Bxd5 21.
Bxd5 Rxd5 22. Rxc7 Rfd8 23. Rxa7 h5 24. Qf3 Rd3 25. Re3 Nc6 26. Ra8 Rd1+ 27.
Qxd1 Rxa8 28. Qd5 Ra5 29. Qb3 Nd4 30. Qd3 Qxd3 31. Rxd3 Ne2+ 32. Kg2 Nxf4+ 33.
gxf4 Rxa2 34. Rb3 Ra6 35. Kf3 Kf8 36. Rb5 g6 37. f5 Kg7 38. fxg6 Kxg6 39. Kg3 f6
40. h3 Ra1 41. Rxb6 Rg1+ 42. Kh2 Rd1 43. Kg2 Rd3 44. Rb5 Kh6 45. Rb8 Kg7 46. b4
Rb3 47. b5 Kg6 48. b6 Kf5 49. b7 Kf4 50. Rf8 Rxb7 51. Rxf6+ Kg5 52. Rf3 Rb4 53.
Kg3 Ra4 54. Rb3 Kf5 55. Rb8 h4+ 56. Kf3 Ra3+ 57. Kg2 Ra4 58. Rb3 Kg5 59. Rb5+
Kf6 60. Kf3 Rc4 61. Rd5 Ra4 62. Ke3 Ra3+ 63. Rd3 Ra2 64. f4 Ra1 65. Rb3 Rg1 66.
Kf2 Rg8 67. Rb5 Rg3 68. Rh5 Rxh3 69. Kg2 1/2-1/2